[Event "Charleville Mezieres op 11th"]
[Site "Charleville Mezieres"]
[Date "2014.??.??"]
[Round "2"]
[White "Rubert, Mireille"]
[Black "Bernard, Jacques"]
[Result "0-1"]
[WhiteElo "1180"]
[BlackElo "2204"]
[PlyCount "50"]
[EventDate "2014.12.26"]
[EventType "swiss"]
[EventRounds "7"]
[EventCountry "FRA"]
[SourceTitle "CBM 164 Extra"]
[Source "ChessBase"]
[SourceDate "2015.03.02"]
[SourceVersion "1"]
[SourceVersionDate "2015.03.02"]
[SourceQuality "1"]

1. d4 f5 2. Nf3 Nf6 3. Nc3 d5 4. e3 e6 5. Ne5 c5 6. Bb5+ Bd7 7. h3 Bd6 8. 0-0 0-0 9. b3 Nc6 10. Bxc6 Bxc6 11. f3 Rc8 12. Bb2 Qc7 13. f4 Be8 14. Qd2 cxd4 15. exd4 Bb4 16. Qf2 Bxc3 17. Bxc3 Qxc3 18. Nf3 Ne4 19. Qe1 Qxe1 20. Rfxe1 Rxc2 21. Kh2 Rf7 22. a4 Rfc7 23. h4 R7c3 24. Ng5 Bd7 25. Nf3 Rxf3 0-1